Sintesis estratigráfica de los Terrenos Primarios de Cataluña, con una descripción de los yacimientos fosiliferos más principales (Record no. 62057)

MARC details
000 -LEADER
campo de control de longitud fija 00750nam a2200181 i 4500
001 - NÚMERO DE CONTROL
campo de control 62057
003 - IDENTIFICADOR DE NÚMERO DE CONTROL
campo de control ES-MaACL
005 - FECHA Y HORA DE LA ÚLTIMA TRANSACCIÓN
campo de control 20251105063130.0
007 - CAMPO FIJO DE DESCRIPCIÓN FÍSICA--INFORMACIÓN GENERAL
campo de control de longitud fija t|
008 - DATOS DE LONGITUD FIJA--INFORMACIÓN GENERAL
campo de control de longitud fija 031117s1913 sp ||||1| spa d
100 1# - ENTRADA PRINCIPAL--NOMBRE DE PERSONA
Nombre de persona Faura i Sans, M.,
Fechas asociadas al nombre 1883-1941
9 (RLIN) 48954
245 10 - MENCIÓN DEL TÍTULO
Título Sintesis estratigráfica de los Terrenos Primarios de Cataluña, con una descripción de los yacimientos fosiliferos más principales
Resto del título : Memoria presentadas a la Facultad de Ciencias de Madrid... para... el grado de Doctor en Ciencia Naturales /
Mención de responsabilidad, etc. por Mariano Faura y Sans.
260 ## - PUBLICACIÓN, DISTRIBUCIÓN, ETC.
Lugar de publicación, distribución, etc. Madrid :
Nombre del editor, distribuidor, etc. [s.n.],
Fecha de publicación, distribución, etc. 1913 (
Fabricante Fortanet)
300 ## - DESCRIPCIÓN FÍSICA
Extensión 202 p., 9 lám. :
Otras características físicas il. ;
Dimensiones 26 cm.
502 ## - NOTA DE TESIS
Nota de tesis Tesis doctoral.
852 ## - LOCALIZACIÓN
Ubicación ES-MaACL
Número de control de estantería T-1368-F-10
Holdings
Estatus retirado Estado de pérdida Estado de daño No para préstamo Colección Biblioteca de origen Biblioteca actual Ubicación en estantería Fecha de adquisición Fuente de adquisición Total de préstamos Signatura topográfica completa Código de barras Visto por última vez Precio de reemplazo Tipo de ítem Koha
        Colección de folletos Biblioteca del Ateneo de Madrid Biblioteca del Ateneo de Madrid Depósito folletos 17/01/2008     T-1368-F-10 1065063 23/02/2023 23/02/2023 Folleto